000 00578nam a22001937a 4500
005 20250806143850.0
010 _aENG-146417
020 _a9789361590825
_c565.00
035 _aEN-129949
037 _bDBAD
037 _bDBAD
082 _a000
_21
245 _aNTA CUET UG 2025:
_bEnglish Language and General Aptitude Test/
250 _a1
260 _aNoida
_bPearson India Education
_c2025
270 _a15th Floor, Towe-B, World Trade Tower, Plot No.1, Block-C, Sector-16
_bNoida
_e201301
300 _avpp.
_c23cm(pb)
942 _2ddc
_cEN
_h000
_mENG
999 _c212176
_d212176